• 首页
  • 本馆介绍
  • 公告通知
  • 最新文献
  • 馆藏检索
  • 电子资源
  • 读者导购
  • 参考咨询
  • 我的图书馆
  • 登录
  • 详细信息显示
  • 放入我的书架
  • 预约/预借图书
  • 作者相关作品
  • 分类相关作品
  • 丛书相关作品
  • 出版社相关作品

书目信息

  • 表格格式
  • 工作单格式
  • 卡片格式
题名:
图论导引
    
 
作者: 韦斯特 著
分册:  
出版信息: 北京   机械工业出版社  2020.05
页数: 588页
开本: 24cm
丛书名: 华章数学原版精品系列
单 册:
中图分类: O157.5
科图分类:
主题词: 图论--tu lun--英文
电子资源:
ISBN: 978-7-111-65359-2
000 01178nam 2200277 450
001 0109110203
005 20201109110338.0
010    @a978-7-111-65359-2@dCNY139.00
100    @a20200713d2020 em y0chiy50 ea
101 0  @achi@aeng
102    @aCN@b110000
105    @aa z 000yy
106    @ar
200 1  @a图论导引@Atu lun dao yin@dIntroduction to graph theory@e英文版@f(美)道格拉斯·B. 韦斯特著@zeng
210    @a北京@c机械工业出版社@d2020.05
215    @a588页@c图@d24cm
225 2  @a华章数学原版精品系列@Ahua zhang shu xue yuan ban jing pin xi lie
305    @a影印自原书第2版
330    @a本书全面介绍了图论的基本概念、基本定理和算法,帮助读者理解并掌握图的结构和解决图论问题的技巧。另外,书中包含很多图论的新研究成果,并介绍了一些悬而未决的图论问题。证明与应用并举是本书的一个重要特点,书中对所有定理和命题给出了完整的证明,同时讨论了大量的实例和应用,并提供了1200多道习题。
461  0 @12001 @a华章数学原版精品系列
510 1  @aIntroduction to graph theory@zeng
606 0  @a图论@Atu lun@x英文
690    @aO157.5@v5
701  1 @c(美)@a韦斯特@Awei si te@c(West, Douglas B.)@4著
801  0 @aCN@bBJSZM@c20201103
905    @b1240324-6@dO157.5@e139@f3
    
    图论导引=Introduction to graph theory:英文版/(美)道格拉斯·B. 韦斯特著.-北京:机械工业出版社,2020.05
    588页:图;24cm.-(华章数学原版精品系列)
    
    
    ISBN 978-7-111-65359-2:CNY139.00
    本书全面介绍了图论的基本概念、基本定理和算法,帮助读者理解并掌握图的结构和解决图论问题的技巧。另外,书中包含很多图论的新研究成果,并介绍了一些悬而未决的图论问题。证明与应用并举是本书的一个重要特点,书中对所有定理和命题给出了完整的证明,同时讨论了大量的实例和应用,并提供了1200多道习题。
●
相关链接 在E读中查询图书 在五车中查询图书 在当当中查询图书 在豆瓣中查询图书


正题名:图论导引     索取号:O157.5/139         预约/预借

序号 登录号 条形码 馆藏地/架位号 状态 备注
1 1240324   212403246   第二样本阅览室/ [索取号:O157.5/139] 在馆    
2 1240325   212403255   第三借阅区/ [索取号:O157.5/139] 在馆    
3 1240326   212403264   第三借阅区/ [索取号:O157.5/139] 在馆    
唐山师范学院图书馆 欢迎您!
大连网信软件有限公司© 版权所有